000 00584nam a2200205 a 4500
008 960126s1970||||[C 0 slo c
040 _aSNK
_bslo
_cSNK
_eAACR2
041 1 _aslo
044 _axo
_cSK
100 1 _aMaurois, André
_4aut
245 1 0 _aPrometeus čiže život Balzacov
_cAndré Maurois ; Prel. Anton Vantuch
250 _a1. vyd.
260 _aBratislava
_bSmena
_c1970
_eNitra
_fNitrianske tlač.
300 _a491, [5] s.
_c
490 0 _aŽivotopisy
700 1 _aVantuch, Anton
_4trl
765 0 _tProméthée ou la vie de Balzac
020 _c30
958 _aA
999 _c12283
_d12283